<?xml version="1.0" encoding="UTF-8"?>
<marc:record xmlns:marc="http://www.loc.gov/MARC21/slim">
   <marc:leader>00000nam a2200000 a 4500</marc:leader>
   <marc:datafield ind1="1" ind2=" " tag="100">
      <marc:subfield code="a">Unterberg, David</marc:subfield>
      <marc:subfield code="4">aut</marc:subfield>
      <marc:subfield code="e">Verfasser/-in</marc:subfield>
   </marc:datafield>
   <marc:datafield ind1="1" ind2=" " tag="100">
      <marc:subfield code="a">Wiesleitner, Harald</marc:subfield>
      <marc:subfield code="4">aut</marc:subfield>
      <marc:subfield code="e">Verfasser/-in</marc:subfield>
   </marc:datafield>
   <marc:datafield ind1=" " ind2=" " tag="653">
      <marc:subfield code="a">DVDV</marc:subfield>
   </marc:datafield>
   <marc:datafield ind1=" " ind2=" " tag="653">
      <marc:subfield code="a">Dokumentarfilm</marc:subfield>
   </marc:datafield>
   <marc:datafield ind1=" " ind2=" " tag="653">
      <marc:subfield code="a">Esoterik</marc:subfield>
   </marc:datafield>
   <marc:datafield ind1=" " ind2=" " tag="653">
      <marc:subfield code="a">Heiler</marc:subfield>
   </marc:datafield>
   <marc:datafield ind1=" " ind2=" " tag="653">
      <marc:subfield code="a">PIO</marc:subfield>
   </marc:datafield>
   <marc:datafield ind1=" " ind2=" " tag="653">
      <marc:subfield code="a">Video</marc:subfield>
   </marc:datafield>
   <marc:datafield ind1=" " ind2=" " tag="653">
      <marc:subfield code="a">lne</marc:subfield>
   </marc:datafield>
   <marc:datafield ind1="0" ind2="0" tag="245">
      <marc:subfield code="a">Healing</marc:subfield>
   </marc:datafield>
   <marc:datafield ind1="0" ind2="0" tag="245">
      <marc:subfield code="b">Wunder, Mysterien und John of God.</marc:subfield>
   </marc:datafield>
   <marc:datafield ind1="0" ind2="0" tag="245">
      <marc:subfield code="c">Unterberg, David</marc:subfield>
   </marc:datafield>
   <marc:datafield ind1="1" ind2=" " tag="520">
      <marc:subfield code="a">2008 Angel-Award Winner, Best Humanitarian Film&#xD;
Mehr als eine Million Menschen haben die Casa de Dom Inácio in Abadiánia&#xD;
bereits besucht, seit Joáo seine wundersamen Fähigkeiten vor über&#xD;
fünfzig Jahren entdeckte. Eine schier unglaubliche Anzahl von Menschen&#xD;
erfuhren Erlösung, viele von ihnen von Krankheiten, die als unheilbar&#xD;
gelten und für deren Heilung es aus schulmedizinischer Sicht keine Erklärung&#xD;
gibt. Der Film zeichnet objektiv und unerschrocken ein Bild der&#xD;
physischen und emotionalen Erfahrungen, die Menschen hier erleben. Er&#xD;
beschreibt, wie spirituelle Energien konventionelle medizinische Gewissheiten&#xD;
überwinden können und beinhaltet erstaunliche Sequenzen, die zeigen,&#xD;
wie Joáos Körper von Geistwesen eingenommen wird, die diese heilbringende&#xD;
Arbeit verrichten. Healing ist auch visuell ein atemberaubender&#xD;
Film, der unser gewohntes Verständnis von Normalität hinterfragt</marc:subfield>
   </marc:datafield>
</marc:record>
